Κατάλογος Βιβλιοθηκών Mediterranean College

The Psychologist's Companion / A Guide to Scientific Writing for Students and Researchers (Record no. 200)

MARC details
000 -LEADER
fixed length control field 01478cam a22002054a 4500
005 - ΗΜΕΡΟΜΗΝΙΑ ΚΑΙ ΩΡΑ ΤΕΛΕΥΤΑΙΑΣ ΕΝΗΜΕΡΩΣΗΣ
Πεδίο ελέγχου 20250605163927.0
008 - FIXED-LENGTH DATA ELEMENTS--GENERAL INFORMATION
Πεδίο ελέγχου σταθερού μήκους 250528s ||||||||||||||||||||||||d
035 ## - SYSTEM CONTROL NUMBER
System control number 14576
020 ## - ISBN
ISBN 521457564
040 ## - ΠΗΓΗ ΚΑΤΑΛΟΓΟΓΡΑΦΗΣΗΣ
Φορέας πρωτότυπης καταλογογράφησης MC Athens Campus Library
Γλώσσα καταλογογράφησης Ελληνικά, Μοντέρνα (1453-)
Modifying agency MC Athens Campus Library
Κανόνες περιγραφικής καταλογογράφησης AACR2
245 1# - ΤΙΤΛΟΣ ΚΑΙ ΔΗΛΩΣΗ ΥΠΕΥΘΥΝΟΤΗΤΑΣ
Τίτλος The Psychologist's Companion / A Guide to Scientific Writing for Students and Researchers
250 ## - EDITION STATEMENT
Edition statement 3rd
260 ## - PUBLICATION, DISTRIBUTION, ETC.
Name of publisher, distributor, etc. Cambridge University Press,
Date of publication, distribution, etc. 1999
300 ## - PHYSICAL DESCRIPTION
Extent 230
520 ## - SUMMARY, ETC.
Summary, etc. This indispensable book combines under one cover practically everything a psychologist or aspiring psychologist needs to know to communicate effectively in articles, books, grant proposals, talks, and lectures. Acknowledgements, Introduction, Eight Common Misconceptions about Psychology Papers, Steps in Writing the Library Research Paper, Steps in Writing the Experimental Research Paper, Rules for Writing the Psychology Paper, Commonly Misused Words, American Psychological Association Guidelines for Psychology Papers, Guidelines for Data Presentation, References for the Psychology Paper, Standards for Evaluating the Psychology Paper, Submitting a Paper to a Journal, How to Win Acceptances from Psychology Journals: Twenty-one Tips for Better Writing, Writing a Grant or Contact Proposal, How to Find a Book Publisher, Writing a Lecture, References, A Sample Psychology Paper, Writing for British and European Journals, Index.
700 1# - ΠΡΟΣΘΕΤΗ ΑΝΑΓΡΑΦΗ--ΦΥΣΙΚΟ ΠΡΟΣΩΠΟ
Personal name Stenberg Robert J
9 (RLIN) 254
942 ## - ADDED ENTRY ELEMENTS (KOHA)
Koha item type Books
Holdings
Τύπος τεκμηρίου Βιβλιοθήκη Τρέχουσα τοποθεσία Barcode Αριθμός εισαγωγής Ημερομηνία απόκτησης Ταξιθετικό σύμβολο Αριθμός αντιτύπου Κατάσταση απόσυρσης Κατάσταση χαμένου Κατάσταση κατεστραμμένου Μη δανεισμός Σύνολο δανεισμών Ημερομηνία τελευταίας εμφάνισης Χρονολογία τελευταίου δανεισμού Η τιμή ισχύει από
Books MC Athens Campus Library MC Athens Campus Library 9780000001993 236 05/06/2025 150 STE 1         1 05/11/2025 13/10/2025 05/06/2025

MC Athens Campus Library
Πατησίων 94 & Κοδριγκτώνος 13, 104 34
Πελλήνης 8 & Πατησίων 107, 112 51
Τ: +30 210 8899600

MC Thessaloniki Campus Library
Ίωνος Δραγούμη 21, 54625 | Ίωνος Δραγούμη 15, 54625
Τ: +30 2310 287779 – Τ: +30 2314 440300